000 00319nam a22001337a 4500
008 171009b xxu||||| |||| 00| 0 eng d
020 _a9780131706811
041 _aeng
080 _24TH
_a159.9
100 _a49
101 _aPSI
245 _aMULTICULTURAL COUNSELING AND PSYCHOTHERAPY
_cBARUTH,L.G
942 _2udc
_cBK
999 _c32484
_d32484